| 000 | 00629nam a2200205 i 4500 | ||
|---|---|---|---|
| 001 | bgj | ||
| 110 | 2 | _aFamous Writers School Inc. (Westport, Con.). | |
| 245 | 1 | 0 |
_aFamous Writers Course : _bprinciples of good writing / _cFamous Writers School Inc. |
| 260 |
_aWestport, Con. : _bFamous Writers School Inc., _c1960. |
||
| 300 |
_a216 pp : _bill. ; _c27 cm. |
||
| 490 | 1 | _aFamous Writers Course | |
| 504 | _aIncludes index. | ||
| 650 | 9 |
_aEnglish language _xRhetoric |
|
| 650 | 9 | _aAutorship | |
| 830 | _aFamous Writers Course | ||
| 040 | _cBPK | ||
| 041 | 0 | _aeng | |
| 942 | _cKS | ||
| 008 | s uk f |000 0 eng | ||
| 999 |
_c48359 _d48359 |
||
| 856 |
_uhttp://koha.tu.koszalin.pl/cgi-bin/koha/opac-detail.pl?biblionumber=48359 _yKatalog online BPK |
||